|
|
|
|
| LEADER |
00000nam0a2200000 4500 |
| 001 |
363755 |
| 005 |
20231102011624.0 |
| 035 |
|
|
|a (RuTPU)RU\TPU\retro\21102
|
| 090 |
|
|
|a 363755
|
| 100 |
|
|
|a 20211011d1981 m y0rusy50 ca
|
| 101 |
0 |
|
|a rus
|
| 102 |
|
|
|a RU
|
| 105 |
|
|
|a a z 000zy
|
| 200 |
1 |
|
|a Отечественный трубопроводный транспорт
|f Б. Е. Щербина, Ю. И. Боксерман, В. А. Динков [и др.]
|
| 210 |
|
|
|a Москва
|c Недра
|d 1981
|
| 215 |
|
|
|a 272 с.
|c ил.
|
| 606 |
1 |
|
|a Трубопроводный транспорт нефти и газа
|x Горное дело
|2 stltpush
|3 (RuTPU)RU\TPU\subj\61734
|9 78897
|
| 610 |
1 |
|
|a Россия
|
| 610 |
1 |
|
|a 19 век
|
| 610 |
1 |
|
|a 20 век
|
| 610 |
1 |
|
|a нефтегазопроводы
|
| 610 |
1 |
|
|a история
|
| 610 |
1 |
|
|a механизация
|
| 610 |
1 |
|
|a автоматизация
|
| 610 |
1 |
|
|a топливная энергетика
|
| 610 |
1 |
|
|a использование
|
| 610 |
1 |
|
|a достижения
|
| 675 |
|
|
|a 622.69
|v 4
|
| 701 |
|
1 |
|a Щербина
|b Б. Е.
|g Борис Евдокимович
|
| 701 |
|
1 |
|a Боксерман
|b Ю. И.
|g Юрий Ильич
|
| 701 |
|
1 |
|a Динков
|b В. А.
|g Василий Александрович
|
| 701 |
|
1 |
|a Патон
|b Б. Е.
|g Борис Евгеньевич
|
| 701 |
|
1 |
|a Седых
|b А. Д.
|
| 801 |
|
1 |
|a RU
|b 63413507
|c 20211011
|
| 942 |
|
|
|c BK
|